Ježegodnik Boľšoj sovetskoj enciklopedii. 1980 : Vyp. 24
Salvato in:
| Natura: | Libro |
|---|---|
| Lingua: | russo |
| Pubblicazione: |
Moskva :
Sovetskaja enciklopedija,
1980
|
| Tags: |
Nessun Tag, puoi essere il primo ad aggiungerne!!
|
MARC
| LEADER | 00000nam a22000003a 4500 | ||
|---|---|---|---|
| 001 | stu9801 | ||
| 005 | 20141122094313.6 | ||
| 008 | 970529s1980----xxr-----------------rus-d | ||
| 040 | |a STU |b slo | ||
| 041 | 0 | |a rus | |
| 044 | |a xxr | ||
| 080 | |a 03"1980" | ||
| 245 | |a Ježegodnik Boľšoj sovetskoj enciklopedii. 1980 : |b Vyp. 24 | ||
| 260 | |a Moskva : |b Sovetskaja enciklopedija, |c 1980 | ||
| 300 | |a 582 s | ||
| 996 | |c V*18734/O-7167 |l VV7 |s P |a 0 |w stu9801_0001 | ||